Southville International School and Colleges
Your cart is empty.
  • Cart
  • Lists
    Public lists Eva Luna New books Lux_list list_1
    Your lists Log in to create your own lists
  • Log in to your account
  • Your cookies
  • Search history
Southville International School and Colleges
  • Advanced search
  • Recent comments
  • Most popular
  • Libraries

Log in to your account

Log in with GOOGLE


If you do not have an external account, but do have a local account, you can still log in:

  1. Home
  2. MARC view: First class service 1 :
Normal view MARC view ISBD view

First class service 1 : (Record no. 357354)

[ view plain ]
MARC details
000 -LEADER
fixed length control field 00764nam a2200229Ia 4500
008 - FIXED-LENGTH DATA ELEMENTS--GENERAL INFORMATION
fixed length control field 180523s9999 xx 000 0 und d
020 ## - INTERNATIONAL STANDARD BOOK NUMBER
International Standard Book Number 978-981-4392-75-4
050 ## - LIBRARY OF CONGRESS CALL NUMBER
Classification number MAIN PE 1116.R47
050 ## - LIBRARY OF CONGRESS CALL NUMBER
Item number .H35 2012 c.1
100 ## - MAIN ENTRY--PERSONAL NAME
Personal name Hall, Stephen.
245 #0 - TITLE STATEMENT
Title First class service 1 :
245 #0 - TITLE STATEMENT
Remainder of title English for the tourism and hospitality industry /
245 #0 - TITLE STATEMENT
Statement of responsibility, etc Stephen Hall, Troy Blappert; adapted by Christopher J. O'Brien.
260 ## - PUBLICATION, DISTRIBUTION, ETC. (IMPRINT)
Place of publication, distribution, etc Singapore :
260 ## - PUBLICATION, DISTRIBUTION, ETC. (IMPRINT)
Name of publisher, distributor, etc Cengage Learning,
260 ## - PUBLICATION, DISTRIBUTION, ETC. (IMPRINT)
Date of publication, distribution, etc 2012
300 ## - PHYSICAL DESCRIPTION
Extent 106 pages :
300 ## - PHYSICAL DESCRIPTION
Other physical details illustrations ;
300 ## - PHYSICAL DESCRIPTION
Dimensions 23 cm.
650 ## - SUBJECT ADDED ENTRY--TOPICAL TERM
Topical term or geographic name as entry element English language -- Conversation and phrase books (for restaurant and hotel personnel).
650 ## - SUBJECT ADDED ENTRY--TOPICAL TERM
General subdivision English language -- Textbooks for foreign speakers.
Holdings
Withdrawn status Lost status Damaged status Home library Current library Shelving location Date acquired Total Checkouts Full call number Barcode Date last seen Price effective from Koha item type
      South Mansfield College South Mansfield College   11/16/2012   MAIN PE 1116.R47 .H35 2012 c.1 SMC05800 05/23/2018 05/23/2018  

First class service 1 :

APA

Hall S., .First class service 1. Singapore: .

Chicago

Hall Stephen, .First class service 1. Singapore: .

Harvard

Hall S., .First class service 1. Singapore: .

MLA

Hall Stephen, .Singapore: . .

  • Place hold
  • Print
  • Cite
  • Add to your cart (remove)
  • Save record
    BIBTEX Dublin Core MARCXML MARC (non-Unicode/MARC-8) MARC (Unicode/UTF-8) MARC (Unicode/UTF-8, Standard) MODS (XML) RIS
  • More searches
    Search for this title in:
    Other Libraries (WorldCat) Other Databases (Google Scholar) Online Stores (Bookfinder.com) Open Library (openlibrary.org)

Exporting to Dublin Core...

SOUTHVILLE LIBRARY

Southville International School and Colleges Library

1281 Tropical Ave. Cor. Luxembourg St., BF Homes International, Las Pinas City

Tel. No. 8256374 / 252358 Loc. 117/146

Powered by Koha